| 000 | 00633nam a2200217Ia 4500 | ||
|---|---|---|---|
| 001 | UByD000171 | ||
| 003 | AR-LpoUNG | ||
| 005 | 20241226105947.0 | ||
| 008 | 211201s1963||||ag |||||||||||||| ||spa|| | ||
| 040 |
_aAR-LpoUNG _bspa _cAR-LpoUNG _eaacr |
||
| 082 | 0 | _a982.63 652con | |
| 100 | 1 | _aVidela, Horacio | |
| 245 | 1 | 0 |
_aOcho conferencias y una más : _ben el cuarto centenario de la fundación de San Juan |
| 260 |
_a[San Juan, Argentina] : _bFondo de Cultura del Banco de San Juan, _c1963. |
||
| 300 | _a269 p. | ||
| 650 | 4 | _aHISTORIA | |
| 650 | 4 | _aARGENTINA | |
| 653 | 0 | _aSAN JUAN | |
| 905 | _aCJPM317 | ||
| 942 |
_cLIB _2ddc |
||
| 999 |
_c62021 _d62021 |
||